| 000 | 00830cab a2200277 4500 | ||
|---|---|---|---|
| 001 | WB3415-02 | ||
| 008 | 090401t1998 xxu||||| |||| 00| 0 eng d | ||
| 035 | _a(Sirsi) u85592 | ||
| 041 | _aeng | ||
| 245 | _aBug contracts | ||
| 260 | _c1998 | ||
| 350 | _a0 | ||
| 490 |
_aBuilding _v263(15) 9 April 1998, 7(1) |
||
| 520 | _aTop clients are asking contractors to sign warranties making date-change problems relating to the millennium bug the contractor`s responsibility. Lawyers have warned forms not to sign. | ||
| 650 | _aCONSTRUCTION COMPANIES | ||
| 650 | _aCONTRACTORS | ||
| 650 | _aMILLENNIUM BUG | ||
| 650 | _aTENDERS | ||
| 650 | _aWARRANTIES | ||
| 650 | _aYEAR 2000 COMPLIANCE | ||
| 650 | _aYEAR 2000 WARRANTY | ||
| 650 | _aYEAR 2000 | ||
| 690 | _aBUILT ENVIRONMENT | ||
| 942 | _n0 | ||
| 948 | _c15/04/1998 | ||
| 999 |
_c53821 _d53821 |
||